000 00551nam a2200205Ia 4500
005 20250923144325.0
008 008 250917s9999 xx 000 0 eng d
037 _aTextual
040 _aDSWL
_beng
_cDSWL
041 _aeng
_2eng
084 _aWv1:N4, H5
_qDSWL
100 _aCroce, B.
_9823673
245 0 _aPolitics and morals
_cby B. Croce
260 _aNew York
_b Philosophical Library
_c1945
300 _a204 p.
365 _aUSD
_b3
925 _g3
942 _cTEXL
_hWv1:N4, H5
999 _c1437446
_d1437446